000 01631nam a2200313 a 4500
001 000012397
005 20200929163023.0
008 091112s2001 dr ad 000 0 spa d
020 _z993483133
040 _aDO-SdBNP
_bspa
_cBNPHU
082 _a378.7293
_bG216u
100 1 _aGarcía, Manuel de Jesús,
_d1954-
_929091
245 1 3 _aLa UCE, su impacto en el desarrollo regional y nacional /
_cManuel de Jesús García.
246 2 3 _aLa Universidad Central del Este, su impacto en el desarrollo regional y nacional
260 _aSanto Domingo :
_bUCE,
_c2001.
300 _a93 p. :
_bil., tablas ;
_c23 cm.
490 1 _aXXX Aniversario UCE
_vv. 30
504 _aBibliografía: p. 91-93.
505 0 _gIntroducción --
_tAntecedentes --
_tLa UCE y el desarrollo económico regional --
_tDimensión social de la UCE --
_tLa UCE y la descentralización de la educación superior --
_tPremisas sobre las que debe descansar la enseñanza superior --
_gConsideraciones finales --
_gBibliografía.
586 _aPremio del Concurso Nacional de Literatura UCE, ensayo, 2000.
590 _aInventariado, 2018/MFF
610 2 4 _aUNIVERSIDAD CENTRAL DEL ESTE
_xFINES Y OBJETIVOS
_929092
650 4 _aDesarrollo económico y social
_97372
650 4 _aUniversidades
_xAspectos sociales
_zRepública Dominicana
_xEnsayos, conferencias, etc.
_919668
650 4 _aUniversidades
_xFines y objetivos
_zRepública Dominicana
_xEnsayos, conferencias, etc.
_929093
650 4 _aEducación superior
_zRepública Dominicana
_xEnsayos, conferencias, etc.
_91128
830 0 _aXXX Aniversario UCE
_v30
_926413
910 _aValidado. Control de calidad EMS
999 _c12054
_d12054